Third parties' contractual rights (Record no. 64957)
[ view plain ]
| 000 -LEADER | |
|---|---|
| fixed length control field | 00873cam a2200193 4500 |
| 001 - CONTROL NUMBER | |
| control field | ABS63053 |
| 008 - FIXED-LENGTH DATA ELEMENTS--GENERAL INFORMATION | |
| fixed length control field | 000000n2000 000 0 eng u |
| 035 ## - SYSTEM CONTROL NUMBER | |
| System control number | (Sirsi) u108808 |
| 245 ## - TITLE STATEMENT | |
| Title | Third parties' contractual rights |
| 260 ## - PUBLICATION, DISTRIBUTION, ETC. | |
| Date of publication, distribution, etc. | 2000 |
| 490 ## - SERIES STATEMENT | |
| Series statement | RIBA Journal |
| Volume/sequential designation | 107(10) October 2000, 95-96(2) |
| 520 ## - SUMMARY, ETC. | |
| Summary, etc. | Discusses the implications of the Contracts (Rights of Third Parties) Act 1999, which brings English law closely into line with other systems of contract law. This radically alters the longstanding general rule whereby a person can only enforce a contract if he is party to it. Now, in certain circumstances, a third party has the right to enforce particular contractual terms. |
| 590 ## - LOCAL NOTE (RLIN) | |
| Local note | ABS |
| 650 ## - SUBJECT ADDED ENTRY--TOPICAL TERM | |
| Topical term or geographic name entry element | CONTRACTS (RIGHTS OF THIRD PARTIES) ACT 1999 |
| 650 ## - SUBJECT ADDED ENTRY--TOPICAL TERM | |
| Topical term or geographic name entry element | CONTRACTUAL RIGHTS |
| 650 ## - SUBJECT ADDED ENTRY--TOPICAL TERM | |
| Topical term or geographic name entry element | THIRD PARTIES |
| 690 ## - LOCAL SUBJECT ADDED ENTRY--TOPICAL TERM (OCLC, RLIN) | |
| Topical term or geographic name as entry element | LAW |
| 942 ## - ADDED ENTRY ELEMENTS (KOHA) | |
| Suppress in OPAC | 0 |
| Withdrawn status | Lost status | Source of classification or shelving scheme | Damaged status | Not for loan | Home library | Current library | Shelving location | Date acquired | Total Checkouts | Full call number | Barcode | Date last seen | Copy number | Price effective from | Koha item type |
|---|---|---|---|---|---|---|---|---|---|---|---|---|---|---|---|
| Dewey Decimal Classification | London | London | Journal article | 17/10/2000 | ABS63053 | 108808-1001 | 06/08/2019 | 1 | 06/08/2019 | Journal article |